| 000 | 00704nam a22002177a 4500 | ||
|---|---|---|---|
| 003 | 0 | ||
| 005 | 20250507122627.0 | ||
| 008 | 250507b xxu||||| |||| 00| 0 eng d | ||
| 020 | _a9786214271429 | ||
| 050 |
_aHD 62.15 _b.Se487 2023 |
||
| 100 | _aSerrano, Angelita Ong Camilar | ||
| 245 |
_aTotal quality management _cAngelita Ong Camilar Serrano |
||
| 250 | _aSecond edition | ||
| 260 |
_aManila _bUnlimited Books Library Services & Publishing Inc. _cc2023 |
||
| 300 |
_ax, 260 pages ; _c26cm. |
||
| 504 | _aIncludes bibliographical references. | ||
| 650 | _aTotal quality management. | ||
| 650 | _aQuality control. | ||
| 650 | _aIndustrial management—Quality control. | ||
| 942 |
_2lcc _cBK |
||
| 999 |
_c367469 _d367469 |
||